I Bet You Think About Me (TV) - Taylor Swift (All Lyrics) - Statistics

General Stats
  • This quiz has been taken 214 times
  • The average score is 378 of 425
Answer Stats
Lyrics % Correct
a
100%
an
100%
and
100%
And
100%
And,
100%
I
100%
be
99%
bet
99%
you
99%
You
99%
in
98%
in,
98%
me,
98%
me
98%
me"
98%
your
98%
the
97%
The
97%
shoes
96%
you're
96%
about
95%
I'll
95%
I'm
95%
Oh,
95%
"Oh
95%
she
95%
that
95%
That
95%
think
95%
we
95%
go?"
94%
it
94%
she's
94%
so
94%
were
94%
we're
94%
when
94%
When
94%
Do
93%
just
93%
Just
93%
my
93%
better
92%
for
92%
it's
92%
no,
92%
say,
92%
say
92%
than
92%
they
92%
up
92%
was
92%
Was
92%
3
91%
free
91%
to
91%
who
91%
friends
90%
out
90%
still
90%
tell
90%
wrote
90%
AM
89%
awake,
89%
But
89%
fine
89%
Is
89%
know
89%
love
89%
song
89%
god,
88%
insane,
88%
mine
88%
now
88%
Now
88%
"Why
88%
with
88%
With
88%
city
87%
did
87%
had?
87%
her
87%
let
87%
of
87%
on
87%
Yeah,
87%
yeah,
87%
at
86%
At
86%
girl
86%
hard
86%
has
86%
million
86%
what
86%
community
85%
dollar
85%
grew
85%
harder
85%
like
85%
mansion
85%
wasn't
85%
bed
84%
farm,
84%
forget
84%
have
84%
leave
84%
asleep
83%
can't
83%
couch
83%
done
83%
old
83%
over
83%
said
83%
don't
82%
get
82%
never
82%
you'll
82%
fall
81%
life
81%
organic
81%
pedigree
81%
spoon
81%
that's
81%
all
80%
back
80%
Fast
80%
heard
80%
meaning
80%
raised
80%
too
80%
believe
79%
early
79%
fell
79%
kitchen
79%
not
79%
silver
79%
sit
79%
spring
79%
table
79%
around
77%
couldn't
77%
hadn't
77%
sad
77%
snow
77%
talkin'
77%
upper
77%
world,
77%
Beverly
76%
bills
76%
every
76%
happy
76%
Hills
76%
house
76%
lookin'
76%
need?
76%
realized
76%
Scared
76%
scared
76%
searchin'
76%
book
75%
'cause
75%
dancin'
75%
different
75%
feel
75%
gated
75%
indie
75%
jokes
75%
make
75%
room
75%
soul
75%
Thinkin'
75%
Does
74%
music
74%
week
74%
eyes
73%
help
73%
laughed
73%
circles
72%
concerts
72%
cool
72%
livin'
72%
rolled
72%
shiny,
72%
time
72%
felt
71%
hip,
71%
last
71%
reality
71%
saved
71%
space
71%
turned
70%
dreams,
69%
'em
69%
shit
69%
bright
68%
fit
68%
loud,
68%
mattered
68%
Mr.
68%
none
68%
sayin'
68%
shrink
68%
Superior
67%
voices
67%
yes
67%
tried
66%
Well,
62%
status,
60%
crust
59%
block
58%
crept
58%
Glamorous,
53%
huh
52%
Chasing
49%
No matching quizzes found
Score Distribution
Percent of People with Each Score
Percentile by Number Answered
Your Score History
You have not taken this quiz